000 01075nam a2200265Ia 4500
003 OSt
005 20220923211312.0
006 a|||||r|||| 00| 0
007 ta
008 220922b |||||||| |||| 00| 0 hin d
020 _a9788179758656 (hbk)
_c900
024 _a354,632
037 _b165, 29/12/2021, Mallika Books
_cTextual
040 _aARTS
_cARTS
_bhin
041 _2hin
_ahin
082 _aO152:g(Y5927), Q9
100 _aबेचैन, श्यौराज सिंह, संपा.
_9160202
245 0 _aसमाज - साहित्य के प्रश्न और दलित चेतना
246 _aSamāj - sāhitya ke prashna aur dalit chetanā
260 _aनई दिल्ली
_b अनामिका पब्लिशर्स
_c2019
300 _a345पृ.
_ccm.
650 _aहिन्दी साहित्य
_9156264
942 _hO152:g(Y5927), Q9
_cTEXL
_2CC
999 _c298273
_d298273